Setting up in business: establishing professional fees (Record no. 73922)
[ view plain ]
| 000 -LEADER | |
|---|---|
| fixed length control field | 00909cam a2200229 4500 |
| 001 - CONTROL NUMBER | |
| control field | L124560 |
| 008 - FIXED-LENGTH DATA ELEMENTS--GENERAL INFORMATION | |
| fixed length control field | 031203n2003 000 0 eng u |
| 035 ## - SYSTEM CONTROL NUMBER | |
| System control number | (Sirsi) u124560 |
| 041 ## - LANGUAGE CODE | |
| Language code of text/sound track or separate title | eng |
| 100 ## - MAIN ENTRY--PERSONAL NAME | |
| Personal name | McDonough, S. |
| 245 ## - TITLE STATEMENT | |
| Title | Setting up in business: establishing professional fees |
| 260 ## - PUBLICATION, DISTRIBUTION, ETC. | |
| Date of publication, distribution, etc. | 2003 |
| 490 ## - SERIES STATEMENT | |
| Series statement | RICS Feature |
| Volume/sequential designation | 11 September 2003 (1) |
| 490 ## - SERIES STATEMENT | |
| Series statement | RICS Practitioner Problems Series |
| 520 ## - SUMMARY, ETC. | |
| Summary, etc. | Provides basic advice on sources of information that may prove useful when calculating what fees to charge. |
| 650 ## - SUBJECT ADDED ENTRY--TOPICAL TERM | |
| Topical term or geographic name entry element | FEE SCALES |
| 690 ## - LOCAL SUBJECT ADDED ENTRY--TOPICAL TERM (OCLC, RLIN) | |
| Topical term or geographic name as entry element | MANAGEMENT-BUSINESS MANAGEMENT-FEES |
| 710 ## - ADDED ENTRY--CORPORATE NAME | |
| Corporate name or jurisdiction name as entry element | Royal Institution of Chartered Surveyors |
| Subordinate unit | Professional Information |
| 9 (RLIN) | 4562 |
| 710 ## - ADDED ENTRY--CORPORATE NAME | |
| Corporate name or jurisdiction name as entry element | Royal Institution of Chartered Surveyors |
| 9 (RLIN) | 4900 |
| 856 ## - ELECTRONIC LOCATION AND ACCESS | |
| Uniform Resource Identifier | <a href="https://www.rics.org/RICSWEB/getpage.aspx?p=AOv32Bi2JEiQIebsHqq-XQ">https://www.rics.org/RICSWEB/getpage.aspx?p=AOv32Bi2JEiQIebsHqq-XQ</a> |
| Public note | View the item free of charge at www.rics.org... |
| 942 ## - ADDED ENTRY ELEMENTS (KOHA) | |
| Suppress in OPAC | 0 |
| Withdrawn status | Lost status | Source of classification or shelving scheme | Damaged status | Not for loan | Home library | Current library | Shelving location | Date acquired | Total Checkouts | Full call number | Barcode | Date last seen | Copy number | Price effective from | Koha item type |
|---|---|---|---|---|---|---|---|---|---|---|---|---|---|---|---|
| Dewey Decimal Classification | Virtual | Virtual | Online | 03/12/2003 | ONLINE PUBLICATION | 124560-1001 | 06/08/2019 | 1 | 06/08/2019 | Journal article |